| 000 | 00610nam a2200229Ia 4500 | ||
|---|---|---|---|
| 003 | OSt | ||
| 005 | 20221006164300.0 | ||
| 006 | a|||||r|||| 00| 0 | ||
| 007 | ta | ||
| 008 | 221006b |||||||| |||| 00| 0 eng d | ||
| 024 | _a6,991 | ||
| 037 | _cTextual | ||
| 040 |
_aFML _cFML _beng |
||
| 041 |
_2eng _aeng |
||
| 082 | _aNv ' N5, N4 - .2 | ||
| 100 |
_aBazin Germain Au. _9677035 |
||
| 245 | 0 | _aConcise History Of Arts | |
| 260 |
_aLondon _bThames & Hudson U.K. _c1964 |
||
| 300 |
_a544 _ccm. |
||
| 942 |
_hNv ' N5, N4 - .2 _cTEXL _2CC |
||
| 999 |
_c1116726 _d1116726 |
||